000 00307nam a22001337a 4500
008 170216b xxu||||| |||| 00| 0 eng d
020 _a9780683034455
041 _aeng
080 _22ND
_a615
100 _a5
101 _aSHF
245 _aPRINCIPLES OF MEDICAL GENETICS
_cGELEHRTER, TH.D
942 _2udc
_cBK
999 _c5749
_d5749